[Organizovanie, Prípadové štúdie]

Recenzia na skriptá, ktoré sú rozdelené na dve časti: organizačný dizajn podniku a organizačné zručnosti manažéra.

Enregistré dans:
Détails bibliographiques
Auteur principal: Tarišková, Natália, 1973-
Format: Chapitre de livre
Langue:slovaque
Sujets:
Tags: Ajouter un tag
Pas de tags, Soyez le premier à ajouter un tag!

MARC

LEADER 00000naa a2200000 4500
001 0248927
005 20240502074000.0
041 0 |a slo 
044 |a SK 
245 1 0 |a [Organizovanie, Prípadové štúdie]  |c Natália Tarišková 
520 |a Recenzia na skriptá, ktoré sú rozdelené na dve časti: organizačný dizajn podniku a organizačné zručnosti manažéra. 
610 2 0 |a recenzie 
610 2 0 |a štúdie prípadové 
610 2 0 |a organizácia podniku 
610 2 0 |a zručnosti 
610 2 0 |a manažéri 
100 1 |a Tarišková, Natália, 1973-